000
00286nam a22001337a 4500
008
180906b xxu||||| |||| 00| 0 eng d
020
_a
9780073528458
041
_a
eng
080
_a
330
100
_a
59
101
_a
BUS
245
_a
Business Ethics
_c
Caroll.A.B
942
_2
udc
_c
BK
999
_c
47580
_d
47580